Welcome to CU Library Online Public Access Catalogue (OPAC)

Reputation marketing : building and sustaining your organization's greatest asset / (Record no. 4071)

MARC details
000 -LEADER
fixed length control field 00774cam a22002414a 4500
001 - CONTROL NUMBER
control field 12431996
005 - DATE AND TIME OF LATEST TRANSACTION
control field 20250221194808.0
008 - FIXED-LENGTH DATA ELEMENTS--GENERAL INFORMATION
fixed length control field 010605s2002 nyua b 001 0 eng
020 ## - INTERNATIONAL STANDARD BOOK NUMBER
International Standard Book Number 0658014293 (alk. paper)
020 ## - INTERNATIONAL STANDARD BOOK NUMBER
International Standard Book Number 9780658014291
050 00 - LIBRARY OF CONGRESS CALL NUMBER
Classification number HD59.2
Item number .M374 2002
082 00 - DEWEY DECIMAL CLASSIFICATION NUMBER
Classification number 659.2/85
Edition information 21
100 1# - MAIN ENTRY--PERSONAL NAME
Personal name Marconi, Joe.
245 10 - TITLE STATEMENT
Title Reputation marketing : building and sustaining your organization's greatest asset /
Statement of responsibility, etc. Joe Marconi.
260 ## - PUBLICATION, DISTRIBUTION, ETC.
Place of publication, distribution, etc. New York :
Name of publisher, distributor, etc. McGraw-Hill,
Date of publication, distribution, etc. c2002.
300 ## - PHYSICAL DESCRIPTION
Extent xiii, 232 p. :
Other physical details ill. ;
Dimensions 24 cm.
500 ## - GENERAL NOTE
General note "American Marketing Association."
650 #0 - SUBJECT ADDED ENTRY--TOPICAL TERM
Topical term or geographic name entry element Corporate image.
650 #0 - SUBJECT ADDED ENTRY--TOPICAL TERM
Topical term or geographic name entry element Corporations
General subdivision Public relations.
650 #0 - SUBJECT ADDED ENTRY--TOPICAL TERM
Topical term or geographic name entry element Branding (Marketing)
710 2# - ADDED ENTRY--CORPORATE NAME
Corporate name or jurisdiction name as entry element American Marketing Association.
942 ## - ADDED ENTRY ELEMENTS (KOHA)
Source of classification or shelving scheme Library of Congress Classification
Koha item type Books
Suppress in OPAC No
999 ## -
-- 4071
-- 4071
Holdings
Withdrawn status Lost status Source of classification or shelving scheme Damaged status Not for loan Collection Home library Current library Shelving location Date acquired Total checkouts Full call number Barcode Date last seen Copy number Price effective from Koha item type
    Library of Congress Classification     Non-fiction Business Library (Miotso) Business Library (Miotso) General stacks 02/21/2025   HD30.28 .G72 2010 BSSM00000921 02/21/2025 1 02/21/2025 Books
    Library of Congress Classification     Non-fiction Business Library (Miotso) Business Library (Miotso) General stacks 02/21/2025   HD30.28 .G72 2010 BSSM00000922 02/21/2025 2 02/21/2025 Books
    Library of Congress Classification     Non-fiction Business Library (Miotso) Business Library (Miotso) General stacks 02/21/2025   HD30.28 .G72 2010 BSSM00000923 02/21/2025 3 02/21/2025 Books
    Library of Congress Classification     Non-fiction Business Library (Miotso) Business Library (Miotso) General stacks 02/21/2025   HD30.28 .G72 2010 BSSM00000924 02/21/2025 4 02/21/2025 Books
    Library of Congress Classification     Non-fiction Business Library (Miotso) Business Library (Miotso) General stacks 02/21/2025   HD30.28 .G72 2010 BSSM00000925 02/21/2025 5 02/21/2025 Books
    Library of Congress Classification     Non-fiction Business Library (Miotso) Business Library (Miotso) General stacks 02/21/2025   HD30.28 .G72 2010 BSSM00000926 02/21/2025 6 02/21/2025 Books
    Library of Congress Classification     Non-fiction Undergraduate Library (Christ Temple) Undergraduate Library (Christ Temple) General stacks 03/12/2025   HD59.2 MAR ulct00001657 03/12/2025 1 03/12/2025 Books
© 2023-2024 Copyright: Central University Libraries. All Rights Reserved | Created by: Mahone Tech Office